000 00894nam a22002297a 4500
999 _c63345
_d63345
005 20240530110635.0
008 170925s2010 ua a af b 000 0 ara d
017 _a2010/17344
_bمصر. دار الكتب
020 _a9771807684
040 _aEG-CaGPL
_cEG-CaGPL
082 0 4 _221
_a953.0962
_bق/هـ ب
100 0 _aهدى جابر
245 1 2 _aالبشر و الحجر :
_bالقاهرة فى القرن السادس عشر /
_cتاليف هدى جابر .
250 _aط.1
260 _aالقاهرة :
_bمطبعة دار الكتب و الوثائق القومية بالقاهرة ،
_c2010 .
300 _a262 ص ؛
_c24 سم .
650 _2qrmak
651 0 7 _2qrmak
_aالقاهرة
_xتاريخ
_yالقرن السادس عشر .
651 0 7 _2qrmak
_aمصر
_xتاريخ
_yالعصر العثمانى ( 1517 - 1914 م )
942 _2ddc
_cBK